Využitie rizikového kapitálu ako formy financovania podniku diplomová práca

Na minha lista:
Detalhes bibliográficos
Autor principal: Rybárová, Monika
Autor Corporativo: Fakulta podnikového manažmentu EU. Katedra podnikových financií
Outros Autores: Strižencová, Michaela
Formato: Livro
Idioma:eslovaco
Publicado em: Bratislava 2016
Tags: Adicionar Tag
Sem tags, seja o primeiro a adicionar uma tag!

MARC

LEADER 00000nbm a2200000 4500
001 0218361
005 20170220103400.4
041 0 |a slo 
044 |a SK 
245 1 0 |a Využitie rizikového kapitálu ako formy financovania podniku  |b diplomová práca  |c Monika Rybárová ; školiteľ: Michaela Strižencová 
264 1 |a Bratislava  |c 2016 
300 |a 68 s. 
100 1 |a Rybárová, Monika 
700 1 |a Strižencová, Michaela 
710 2 |a Fakulta podnikového manažmentu EU. Katedra podnikových financií